| 000 | 01227nam a2200229Ia 4500 | ||
|---|---|---|---|
| 001 | L942-50933 | ||
| 003 | IT-CnALBA | ||
| 008 | 170116s9999||||xx |||||||||||||| ||und|| | ||
| 040 |
_aIT-CnALBA _cIT-CnALBA |
||
| 041 | _aITALIANO | ||
| 100 | _aDESALLE ROB | ||
| 245 | 0 | _aCOME COSTRUIRE UN DINOSAURO. LA SCIENZA DI JURASSIC PARK E DEL MONDO PERDUTO. | |
| 250 | _a1a ed. | ||
| 260 |
_aMILANO _bCORTINA RAFFAELLO, ED. _c1997 [1° Ed.:1997 - Ed.Ling.Originale: 1997] |
||
| 300 | _a223 p. | ||
| 500 | _aSCIENZE. INDICE ANALITICO. I DINOSAURI. RICERCA DELL'AMBRA. ESTRAZIONE DEL SANGUE DA UNA PIETRA. RICUCITURA DELLA STORIA. IL PROBLEMA DI HUMPTY DUMPTY. GENERAZIONE DI UN BAMBINO. FEMMINA. CRESCITA IN UN MONDO STRANIERO. TROVARE CASA. LA MATEMATICA DELLA L | ||
| 501 | _aSocietà San Paolo EM - Piazza San Paolo, 14 - 12051 ALBA (CN) (non commercial uses only) ® Copyright 2017 | ||
| 520 | _aSCIENZE. INDICE ANALITICO. I DINOSAURI. RICERCA DELL'AMBRA. ESTRAZIONE DEL SANGUE DA UNA PIETRA. RICUCITURA DELLA STORIA. IL PROBLEMA DI HUMPTY DUMPTY. GENERAZIONE DI UN BAMBINO. FEMMINA. CRESCITA IN UN MONDO STRANIERO. TROVARE CASA. LA MATEMATICA DELLA L | ||
| 650 | _aSTORIA MODERNA | ||
| 942 | _cBK | ||
| 957 | _71 | ||
| 999 |
_a57457 _bNO _g Copie: 1 _c309837 _d309837 |
||